Normal view
MARC view
Entry Personal Name
001 - CONTROL NUMBER
- control field: 563324
003 - CONTROL NUMBER IDENTIFIER
- control field: OSt
005 - DATE AND TIME OF LATEST TRANSACTION
- control field: 20220930194525.0
008 - FIXED-LENGTH DATA ELEMENTS
- fixed length control field: 220930|| aca||aabn | a|a d
040 ## - CATALOGING SOURCE
- Original cataloging agency: OSt
- Transcribing agency: OSt
100 ## - HEADING--PERSONAL NAME
- Personal name: Vijay K
670 ## - SOURCE DATA FOUND
- Source citation: Work cat.: (OSt)897822: Vijay K, Study of nitrogen balance modulation in cases of gastro intestinal surgery and operable malignancies by post operative parenteral amino acid and hypertonic dextrose infusion, 1994
